000 00414nam a2200157 i 4500
001 bg
100 1 _aKIPARISOV, S.S.
245 0 _aKarbid Titana. Polucenie, svojstva primenenie /
_cS.S.Kiparisov, J.V.Leninskij, A.P.Pietrov.
260 _aMoskva,
_c1987.
700 1 _aLENINSKIJ, J.V.
700 1 _aPETROV, A.P.
040 _cBPK
041 _apol
942 _cKS
008 s pl f |000 0 pol
999 _c23941
_d23941
856 _uhttp://koha.tu.koszalin.pl/cgi-bin/koha/opac-detail.pl?biblionumber=23941
_yKatalog online BPK